| 000 | 00528nam a22002057a 4500 | ||
|---|---|---|---|
| 001 | 00028614 | ||
| 005 | 20260321102232.0 | ||
| 008 | 260321b ag ||||| |||| 00| 0 spa d | ||
| 020 | _a9509515256 | ||
| 040 |
_aAR-CcCEOS _bspa _cAR-CcCEOS |
||
| 041 | _aspa | ||
| 080 | _a159.99 | ||
| 090 | _bSOL | ||
| 100 | 1 |
_aSoler, Colette _9937 |
|
| 245 |
_aFinales de analisis / _cColette Soler |
||
| 264 |
_aBuenos Aires : _bManantial, _cc1988. |
||
| 300 |
_a150 p. ; _c20x15 cm. |
||
| 650 | 0 |
_apsicologĂa _9114 |
|
| 942 |
_2udc _cBK _n0 |
||
| 999 |
_c28644 _d28644 |
||